| 000 -LEADER |
| fixed length control field |
00463nam a22001577a 4500 |
| 008 - FIXED-LENGTH DATA ELEMENTS--GENERAL INFORMATION |
| fixed length control field |
200213b ||||| |||| 00| 0 eng d |
| 020 ## - INTERNATIONAL STANDARD BOOK NUMBER |
| International Standard Book Number |
0126445516 |
| 100 ## - MAIN ENTRY--PERSONAL NAME |
| 9 (RLIN) |
1721 |
| Personal name |
Simsion, Graham C. |
| 245 10 - TITLE STATEMENT |
| Title |
Data modeling and essentials/ |
| 250 ## - EDITION STATEMENT |
| Edition statement |
3rd ed. |
| 260 ## - PUBLICATION, DISTRIBUTION, ETC. (IMPRINT) |
| Place of publication, distribution, etc |
New-Delhi |
| Name of publisher, distributor, etc |
Elsevier |
| Date of publication, distribution, etc |
2005 |
| 300 ## - PHYSICAL DESCRIPTION |
| Extent |
xxi,532p. |
| 650 #0 - SUBJECT ADDED ENTRY--TOPICAL TERM |
| Topical term or geographic name as entry element |
Database Management |
| General subdivision |
Data Structures |
| 700 ## - ADDED ENTRY--PERSONAL NAME |
| 9 (RLIN) |
1722 |
| Personal name |
Witt, Graham C. |
| 942 ## - ADDED ENTRY ELEMENTS (KOHA) |
| Item type |
Books |